01259nam a2200337Ic 450000100060000000300100000600500170001600700030003300800410003602000180007704000350009504100080013008200140013810000460015224500650019825000220026326400900028530000680037533600270044333700330047033800280050349000290053150000550056050000380061550400460065365000290069965000350072894200120076399900170077595201290079259773CO-BoRNBP20251105152111.0ta180815s2014 sp a g 000 0 spa  a9788483196472 aCO-BoRNBPbspaerdacCO-BoRNBP aspa04a540bH27a1 aHerradón García, Bernardoeaut96658214aLos avances de la química /cBernardo Herradón García. aPrimera edición 1aMadird, España :bConsejo Superior de Investigaciones Científicas Catarata,c2011 a142 páginas :bilustraciones, fotografías en blanco y negro atextobtxt2rdacontent asin mediaciónbn2rdamedia avolumenbnc2rdacarrier0 a¿Qué sabemos de? ; 28 aIncluye datos biográficos del autor en la solapa aRecomendado para público adulto aIncluye bibliografía al final del texto07aCiencias naturales2lemb07aQuimicaxHistoria2LEMB966583 2ddccBK c59773d59773 00102ddc40708GENaMEMAPJGAbMEMAPJGAcGENd2025-11-05l0o540 H27apMPJG00788r2025-11-05 15:22:27tEj.1w2025-11-05yBK